Food process engineering
Saved in:
| Main Authors: | , , , |
|---|---|
| Format: | Bog |
| Sprog: | engelsk |
| Udgivet: |
Londres
Applied Science Publishers
1980
|
| Fag: | |
| Tags: |
Tilføj Tag
Ingen Tags, Vær først til at tagge denne postø!
|
MARC
| LEADER | 00000nam a2200000 a 4500 | ||
|---|---|---|---|
| 001 | UCR5652 | ||
| 003 | CL-VaPUC | ||
| 005 | 20230601074028.0 | ||
| 008 | 980403e19800000uk 1 eng d | ||
| 082 | 0 | 4 | |a 664 |b LIN |2 21 |
| 100 | 1 | |a Linko, P |e author |9 618850 | |
| 700 | 1 | |a Mälkki, Y |e author |9 618851 | |
| 700 | 1 | |a Olkku, J |e author |9 618852 | |
| 700 | 1 | |a Larinkari, J |e author |9 618853 | |
| 245 | 1 | 0 | |a Food process engineering |
| 260 | |a Londres |b Applied Science Publishers |c 1980 | ||
| 300 | |a v | ||
| 505 | 0 | 0 | |a v.1: Food process systems |
| 505 | 0 | 0 | |a v.2: Enzyme engineering in food processing |
| 583 | |a last modification |c 19980403 00:00:00 |k Rodrigo Vera | ||
| 650 | 0 | 7 | |a TECNOLOGIA DE ALIMENTOS |2 CL-VaPUC |9 618854 |
| 650 | 0 | 0 | |a Industria alimentaria |9 331702 |
| 650 | 0 | 0 | |a Congresos |9 257560 |
| 942 | |c BK | ||
| 945 | |a crobeson |d 19980403 00:00:00 | ||
| 546 | |a En Inglés | ||
| 518 | |p International Congress on Engineering and Food, 2, Helsinski, 27 al 31 de agosto de 1979 | ||
| 518 | |p European food symposium, 8, Helsinski, 27 al 31 de agosto de 1979 | ||
| 999 | |c 383133 |d 383131 | ||
| 952 | |0 0 |1 0 |4 0 |6 664_000000000000000_LIN_1980 |7 0 |8 A |9 505156 |a BIBALI |b BIBALI |c GEN |d 2020-01-23 |h v.1 |i 1977008 |o 664 LIN 1980 |p 1977008 |r 2025-01-20 |w 2020-01-23 |y BK |k ALI | ||
| 952 | |0 0 |1 0 |4 0 |6 664_000000000000000_LIN_1980 |7 0 |8 A |9 505157 |a BIBALI |b BIBALI |c GEN |d 2020-01-23 |h v.1 |i 1977016 |o 664 LIN 1980 |p 1977016 |r 2025-01-20 |w 2020-01-23 |y BK |k ALI | ||
| 952 | |0 0 |1 0 |4 0 |6 664_000000000000000_LIN_1980 |7 0 |8 A |9 505158 |a BIBALI |b BIBALI |c GEN |d 2020-01-23 |h v.2 |i 1988336 |o 664 LIN 1980 |p 1988336 |r 2025-01-20 |w 2020-01-23 |y BK |k ALI | ||